| 000 | 00796cam a22002773a 4500 | ||
|---|---|---|---|
| 001 | 830 | ||
| 003 | PGUSA | ||
| 005 | 20140828082953.0 | ||
| 008 | 970201s1997||||xxu|||||s|||||000 | eng d | ||
| 040 |
_aPGUSA _beng |
||
| 042 | _adc | ||
| 050 | 4 | _aPA | |
| 100 | 1 | _aApollonius, Rhodius | |
| 245 | 1 | 4 |
_aThe Argonautica _h[electronic resource] / _cRhodius Apollonius |
| 260 |
_bProject Gutenberg, _c1997 |
||
| 506 | _aPublic domain in the USA. | ||
| 516 | _aElectronic text | ||
| 653 | _aMedea (Greek mythology) | ||
| 653 | _aClassical literature | ||
| 653 | _aArgonauts (Greek mythology) | ||
| 653 | _aJason (Greek mythology) | ||
| 700 | 1 |
_aSeaton, R. C. _q(Robert Cooper), _d1853-1915 |
|
| 830 | 0 |
_aProject Gutenberg _v830 |
|
| 856 | 4 | 0 | _uhttp://www.gutenberg.org/ebooks/830 |
| 942 | _cEB | ||
| 999 |
_c230181 _d230181 |
||